000 00481nam a2200193Ia 4500
005 20250522104344.0
008 008 250516s9999 xx 000 0 eng d
020 _a9781408888230
040 _aSDCL
_beng
_cSDCL
041 _aeng
_2eng
084 _aO-,3N73, Q9 LR
_qSDCL
100 _aShamsie, Kamila
_9752404
245 0 _aBurnt Shadows
260 _aNew Delhi:
_bBloomsbury,
_c2019.
300 _a367p.
365 _aINR
_b499
650 _aReference
942 _cTEXL
999 _c1430051
_d1430051